La Prensa costarricense: entre la guerra y la paz /

Saved in:
Bibliographic Details
Main Author: Montoya, Luis A.
Other Authors: Fernández, Violeta
Format: Text
Subjects:
Tags: Add Tag
No Tags, Be the first to tag this record!

MARC

LEADER 00000 a a2200000 04500
001 1582
003
040
100 |a Montoya, Luis A.  
245 |a La Prensa costarricense:   |b entre la guerra y la paz /  |c Luis A. Montoya ; Violeta Fernández 
650 |a GUERRA  
650 |a PAZ  
650 |a MEDIOS DE COMUNICACION DE MASAS  
650 |a INFORMACION  
650 |a COSTA RICA  
650 |a NICARAGUA  
700 |a Fernández, Violeta  
773 |g número 20; páginas 4-8  
999 |c 32596  |d 32596